| 000 | 00000cas 2200000zi 4500 |
| 001 | 9.962710 |
| 003 | CaOODSP |
| 005 | 20260511135947 |
| 006 | m o d f |
| 007 | cr cn |||||||| |
| 008 | 260511c20259999oncar p o f0###a0eng|d |
| 040 | |aCaOODSP|beng|erda|cCaOODSP |
| 043 | |an-cn--- |
| 086 | 1 |aDG2-14E-PDF |
| 110 | 1 |aCanada. |bMilitary Grievances External Review Committee, |eauthor, |eissuing body. |
| 245 | 10|aMilitary Grievances External Review Committee ... annual report under the Fighting Against Forced Labour and Child Labour in Supply Chains Act. |
| 264 | 1|aOttawa, Ontario : |bMilitary Grievances External Review Committee = Comité externe d'examen des griefs militaires, |c[2025]- |
| 310 | |aAnnual |
| 336 | |atext|btxt|2rdacontent |
| 337 | |acomputer|bc|2rdamedia |
| 338 | |aonline resource|bcr|2rdacarrier |
| 362 | 1 |aBegan with: 2025. |
| 500 | |aIssued also in French under title: Comité externe d'examen des griefs militaires, rapport annuel ... au titre de la Loi sur la lutte contre le travail forcé et le travail des enfants dans les chaînes d'approvisionnement. |
| 588 | |aDescription based on: 2025. |
| 588 | |aLatest issue consulted: 2025. |
| 610 | 10|aCanada. |bMilitary Grievances External Review Committee|vPeriodicals. |
| 610 | 10|aCanada. |tFighting Against Forced Labour and Child Labour in Supply Chains Act |vPeriodicals. |
| 650 | 0|aForced labor|zCanada|xPrevention|vPeriodicals. |
| 650 | 0|aChild labor|zCanada|xPrevention|vPeriodicals. |
| 655 | 7|aPeriodicals|2lcgft |
| 775 | 08|tComité externe d’examen des griefs militaires, rapport annuel ... au titre de la Loi sur la lutte contre le travail forcé et le travail des enfants dans les chaînes d’approvisionnement.|w(CaOODSP)9.962709 |
| 780 | 00|tForced labour in Canadian supply chains annual report.|w(CaOODSP)9.939435 |